Sports Quiz

Random Sports or NFL Quiz

NFL Playoff Coaches 2008-09 Quiz Stats

 Plays Quiz not verified by Sporcle

Support Sporcle.
Go Orange.
Score 0/22 Timer 10:00
0 Plays Today
Round Coach % Correct
NFC Wild CardAndy Reid
100%
AFC DivisionMike Tomlin
100%
NFC DivisionAndy Reid
100%
AFC ChampionshipMike Tomlin
100%
NFC ChampionshipAndy Reid
100%
Super Bowl XLIIIMike Tomlin
100%
AFC Wild CardJohn Harbaugh
99.1%
AFC Wild CardTony Dungy
99.1%
AFC DivisionJohn Harbaugh
99.1%
AFC ChampionshipJohn Harbaugh
99.1%
NFC DivisionTom Coughlin
98.2%
Round Coach % Correct
AFC DivisionJeff Fisher
94.6%
AFC Wild CardNorv Turner
93.8%
AFC DivisionNorv Turner
93.8%
NFC DivisionJohn Fox
93.8%
NFC Wild CardMike Smith
92.9%
NFC Wild CardKen Whisenhunt
89.3%
NFC DivisionKen Whisenhunt
89.3%
NFC ChampionshipKen Whisenhunt
89.3%
Super Bowl XLIIIKen Whisenhunt
89.3%
NFC Wild CardBrad Childress
81.3%
AFC Wild CardTony Sparano
66.1%

You're not logged in!

Compare scores with friends on all Sporcle quizzes.
OR
Log In

From the Vault

Little Looping Word Chains II

by betraisefold

This one really threw us for a loop.
Remove Ads.
Support Sporcle.
Get the best of Sporcle when you Go Orange. This ad-free experience offers more features, more stats, and more fun while also helping to support Sporcle. Thank you for becoming a member.

Show Comments

Extras

Created Jan 17, 2016ReportNominate
Tags:NFL Quiz, coach, Playoff, round, team

Top Quizzes Today


Score Distribution

Your Account Isn't Verified!

In order to create a playlist on Sporcle, you need to verify the email address you used during registration. Go to your Sporcle Settings to finish the process.

Report this User

Report this user for behavior that violates our Community Guidelines.

Details: